beuk0t (Cool P, CRANK ALL) - beuk0tape - Statystyki

Ogólne statystyki
  • Ten quiz został rozwiązany 3 razy
  • Średni wynik to 5 z 10
Statystyki odpowiedzi
beuk0tape % Poprawnych
paranoya
100%
ulubiona dziwka
100%
beukot
50%
ceski film
50%
paola
50%
skitels
50%
w huju mam
50%
aniol stroz
0%
muhozol
0%
nie uciekne
0%
Nie znaleziono quizów pasujących do podanych kryteriów
Rozkład punktacji
Procent ludzi z każdym wynikiem
Percentyl według liczby udzielonych odpowiedzi
Twoja historia wyników
Nie rozwiązałeś tego quizu